[Event "Chigorin Mem, St Petersburg RUS"]
[Site "?"]
[Date "2000.??.??"]
[Round "8"]
[White "Sorokin, M."]
[Black "Sherbakov, R."]
[Result "1-0"]
[WhiteElo "2540"]
[BlackElo "2555"]
[PlyCount "77"]
[EventDate "2000.??.??"]
[Source "www.chesslib.no"]
[SourceDate "2004.05.04"]

1. c4 c5 2. Nf3 Nc6 3. Nc3 Nf6 4. g3 g6 5. Bg2 d6 6. d4 cxd4 7. Nxd4 Bd7 8. c5 dxc5 9. Nxc6 Bxc6 10. Bxc6+ bxc6 11. Qa4 Qb6 12. Bg5 Bg7 13. Rc1 O-O 14. Qc2 Ng4 15. O-O h6 16. Bf4 g5 17. Bd2 Rad8 18. h3 Ne5 19. Ne4 c4 20. Be3 Qb5 21. f4 gxf4 22. gxf4 Nd7 23. Qxc4 Qf5 24. Kh2 Nb6 25. Qxc6 Rc8 26. Ng3 Qh7 27. Qb5 Rc2 28. b3 Rxa2 29. Rg1 Kh8 30. Rg2 e6 31. Nh5 Nd5 32. Qc5 Qe4 33. Rxg7 Rxe2+ 34. Bf2 Rxf2+ 35. Qxf2 Nxf4 36. Nxf4 Kxg7 37. Nh5+ Kg6 38. Re1 Qd3 39. Nf4+ 1-0

[Event "Yerevan (ol)"]
[Site "?"]
[Date "1996.??.??"]
[Round "?"]
[White "Xu, Jun"]
[Black "Alterman, B."]
[Result "1-0"]
[WhiteElo "2505"]
[BlackElo "2590"]
[PlyCount "143"]
[EventDate "1996.??.??"]
[Source "ChessBase"]
[SourceDate "1996.06.01"]

1. Nf3 Nf6 2. c4 c5 3. Nc3 Nc6 4. g3 d5 5. d4 cxd4 6. Nxd4 dxc4 7. Nxc6 Qxd1+ 8. Nxd1 bxc6 9. Bg2 Nd5 10. Ne3 Ba6 11. Nxd5 cxd5 12. Bxd5 Rc8 13. Bd2 e6 14. Bf3 Bc5 15. Bc3 O-O 16. O-O Bb5 17. Rfd1 Rfd8 18. Rxd8+ Rxd8 19. e3 f6 20. Be2 Rb8 21. a4 Ba6 22. Rd1 Bb4 23. Bf3 Bb7 24. Bxb7 Rxb7 25. Rd8+ Kf7 26. Rc8 Bxc3 27. bxc3 Ke7 28. Rxc4 Kd6 29. Kf1 Rc7 30. Rd4+ Ke7 31. Rb4 Kd6 32. Rb3 Kd5 33. Ke2 Kc4 34. Rb1 Rd7 35. h4 Kxc3 36. Rb5 Kc4 37. h5 h6 38. g4 Kc3 39. f4 Kc4 40. Kf3 Kd3 41. Rc5 Re7 42. Rc6 e5 43. fxe5 Rxe5 44. Rd6+ Kc4 45. Rd7 Rg5 46. Rxa7 f5 47. gxf5 Rxf5+ 48. Kg4 Rg5+ 49. Kf4 Rxh5 50. Rxg7 Rh1 51. e4 h5 52. a5 Rf1+ 53. Ke5 Kb5 54. Rg5 h4 55. Rh5 Rh1 56. Kf4+ Ka6 57. Kg4 Re1 58. Kf3 Rf1+ 59. Ke2 Ra1 60. Rxh4 Rxa5 61. Rh3 Ra2+ 62. Kf3 Kb7 63. Kf4 Kc7 64. Rd3 Ra8 65. Rd4 Rf8+ 66. Kg5 Rg8+ 67. Kf5 Rf8+ 68. Ke6 Rf4 69. Rd7+ Kc8 70. e5 Rh4 71. Rd1 Rh6+ 72. Kf7 1-0

[Event "Bern Cup"]
[Site "Bern"]
[Date "1996.??.??"]
[Round "3"]
[White "Brunner, Lucas"]
[Black "Christiansen, Larry Mark"]
[Result "1/2-1/2"]
[WhiteElo "2510"]
[BlackElo "2580"]
[PlyCount "104"]
[EventDate "1996.??.??"]
[Source "ChessBase"]

1. Nf3 Nf6 2. c4 c5 3. Nc3 Nc6 4. g3 e5 5. Bg2 Be7 6. O-O d6 7. d3 O-O 8. a3 Rb8 9. b4 b6 10. Nd2 Nd4 11. e3 Ne6 12. Bb2 a6 13. Nd5 Nc7 14. bxc5 bxc5 15. Nxf6+ Bxf6 16. Bc3 Ne6 17. Rb1 Bd7 18. Rxb8 Qxb8 19. f4 Be7 20. f5 Nc7 21. g4 Ne8 22. Qf3 Qc8 23. Qg3 Qd8 24. Ne4 Bh4 25. Qf3 Bc6 26. Qe2 Bxe4 27. Bxe4 Qb6 28. Qc2 Bg5 29. Kf2 Qd8 30. Kf3 Qf6 31. Qg2 Qd8 32. Rb1 Nf6 33. Ke2 h6 34. Rb7 Re8 35. a4 Re7 36. Rxe7 Qxe7 37. h3 Qe8 38. Bc6 Qb8 39. Bb7 e4 40. Bxe4 Qb3 41. Bd2 Qxa4 42. Bc6 Qa2 43. Qg3 d5 44. cxd5 Nxd5 45. Bxd5 Qxd5 46. h4 c4 47. hxg5 Qxd3+ 48. Ke1 c3 49. Qb8+ Kh7 50. Bc1 Qc2 51. Ba3 Qd2+ 52. Kf1 Qd1+ 1/2-1/2

[Event "Bonn GSK-3"]
[Site "Bonn"]
[Date "1996.??.??"]
[Round "?"]
[White "Kengis, Edvins"]
[Black "Kveinys, Aloyzas"]
[Result "1/2-1/2"]
[WhiteElo "2560"]
[BlackElo "2530"]
[PlyCount "31"]
[EventDate "1996.08.??"]
[Source "ChessBase"]

1. Nf3 c5 2. c4 Nf6 3. Nc3 Nc6 4. g3 Nd4 5. Bg2 g6 6. O-O Bg7 7. e3 Nxf3+ 8. Bxf3 O-O 9. d4 d6 10. b3 Bh3 11. Re1 Qc8 12. Bb2 Rb8 13. dxc5 Qxc5 14. Nd5 Nxd5 15. Bxg7 Kxg7 16. Qxd5 1/2-1/2

[Event "New York op"]
[Site "New York"]
[Date "1989.??.??"]
[Round "3"]
[White "Gurevich, Dmitry"]
[Black "Gulko, Boris F"]
[Result "0-1"]
[WhiteElo "2480"]
[BlackElo "2610"]
[PlyCount "80"]
[EventDate "1989.03.??"]
[Source "ChessBase"]

1. Nf3 Nf6 2. c4 c5 3. Nc3 Nc6 4. g3 g6 5. Bg2 d6 6. d4 cxd4 7. Nxd4 Bd7 8. O-O Bg7 9. b3 O-O 10. Bb2 Qa5 11. Rc1 Rfc8 12. e3 Rab8 13. h3 a6 14. a3 Qd8 15. Qd2 Na5 16. Qd1 Qb6 17. Nd5 Nxd5 18. cxd5 Nxb3 19. Rb1 Na5 20. Qd3 Nc4 21. Bc3 Qc7 22. Nc6 Bxc3 23. Qxc3 Bxc6 24. dxc6 Ne5 25. f4 Nxc6 26. Rfc1 Qd7 27. a4 Nd8 28. Qd4 Ne6 29. Qa7 Nc5 30. a5 Qd8 31. Qb6 Qxb6 32. Rxb6 Rc7 33. e4 Rd8 34. e5 dxe5 35. fxe5 Rd3 36. Kh2 Ra3 37. Bxb7 Rxb7 38. Rxc5 Ra2+ 39. Kg1 Rd7 40. Rb1 Rd3 0-1

[Event "ch-NOR"]
[Site "Molde"]
[Date "2004.07.06"]
[Round "5"]
[White "Ostenstad, Berge"]
[Black "Agdestein, Simen"]
[Result "1-0"]
[WhiteElo "2492"]
[BlackElo "2595"]
[PlyCount "159"]
[EventDate "2004.07.03"]
[Source "Roberto Alvarez"]
[SourceDate "2004.07.12"]

1. c4 c5 2. Nf3 Nf6 3. Nc3 Nc6 4. e3 e5 5. Be2 d5 6. d4 exd4 7. exd4 dxc4 8. d5 Ne7 9. Bxc4 Nf5 10. Bb5+ Bd7 11. Bxd7+ Nxd7 12. O-O Be7 13. d6 Nxd6 14. Bf4 Nb6 15. Re1 Nf5 16. Qc2 Nd4 17. Qe4 Ne6 18. Rad1 Qc8 19. Bg5 Qc6 20. Qf5 g6 21. Qe5 Rf8 22. Bxe7 Kxe7 23. Ng5 h6 24. Nce4 Nd7 25. Rxd7+ Qxd7 26. Qf6+ Ke8 27. Nxe6 fxe6 28. Nd6+ Qxd6 29. Rxe6+ Qxe6 30. Qxe6+ Kd8 31. Qd6+ Ke8 32. Qe6+ Kd8 33. Qd6+ Ke8 34. Qxg6+ Kd7 35. Qg7+ Kc6 36. Qxh6+ Kb5 37. Qh7 Kb6 38. Qg6+ Ka5 39. h4 Rad8 40. Qg7 Ka6 41. Qc3 b6 42. Qc4+ Ka5 43. a3 Rd1+ 44. Kh2 Rd4 45. b4+ Ka4 46. Qa6+ Kb3 47. bxc5 Rxh4+ 48. Kg1 bxc5 49. Qb5+ Ka2 50. Qxc5 Rb8 51. g3 Ra4 52. Kg2 a5 53. Qf5 Rxa3 54. g4 a4 55. Qe4 Rb1 56. g5 Kb2 57. g6 Raa1 58. Qd4+ Kb3 59. g7 Rg1+ 60. Kf3 Rac1 61. Qd5+ Kb2 62. g8=Q Rc3+ 63. Ke2 Rc2+ 64. Ke3 Rc3+ 65. Ke4 Rxg8 66. Qxg8 a3 67. Kd4 Rb3 68. Qg7 a2 69. Kc4+ Ka3 70. Qa7+ Kb2 71. Qd4+ Ka3 72. Qd2 Rb7 73. Qd6+ Kb2 74. Qf6+ Kb1 75. Qf5+ Kb2 76. Qe5+ Ka3 77. Kd3 Rb1 78. Kc2 Ka4 79. Qd4+ Rb4 80. Qa7+ 1-0

[Event "Sweden"]
[Site "?"]
[Date "2001.10.14"]
[Round "3"]
[White "Schandorff Lars"]
[Black "Wedberg Tom"]
[Result "1/2-1/2"]
[WhiteElo "2551"]
[BlackElo "2529"]
[PlyCount "54"]
[EventDate "2001.??.??"]
[Source "www.chesslib.no"]
[SourceDate "2004.05.04"]

1. Nf3 Nf6 2. c4 c5 3. Nc3 Nc6 4. g3 d5 5. d4 cxd4 6. Nxd4 e6 7. cxd5 Nxd5 8. Nxc6 bxc6 9. Bg2 Qb6 10. O-O Be7 11. Na4 Qb5 12. Bd2 O-O 13. Re1 Bb7 14. Qc2 c5 15. a3 Rfd8 16. b3 Rac8 17. Nb2 Bf6 18. Rab1 Ne7 19. Bxb7 Qxb7 20. Nc4 Nf5 21. Ba5 Nd4 22. Qd3 Rd7 23. Rbd1 Bd8 24. Bc3 f5 25. Qe3 Qd5 26. Bxd4 cxd4 27. Qe5 Bf6 1/2-1/2

[Event "Winterthur SVI"]
[Site "?"]
[Date "2002.10.14"]
[Round "4"]
[White "Tukmakov Vladimir B"]
[Black "Miezis Normunds"]
[Result "1/2-1/2"]
[WhiteElo "2566"]
[BlackElo "2510"]
[PlyCount "22"]
[EventDate "2002.??.??"]
[Source "www.chesslib.no"]
[SourceDate "2004.05.04"]

1. Nf3 c5 2. c4 Nf6 3. Nc3 Nc6 4. g3 e5 5. Bg2 Be7 6. O-O d6 7. d3 Rb8 8. Bg5 Be6 9. Nd2 Ng8 10. Be3 Nf6 11. Bg5 Ng8 1/2-1/2

[Event "Aaland m"]
[Site "?"]
[Date "1997.08.29"]
[Round "7"]
[White "Olafsson Helgi"]
[Black "Sax Gyula"]
[Result "1/2-1/2"]
[WhiteElo "2505"]
[BlackElo "2570"]
[PlyCount "52"]
[EventDate "1997.??.??"]
[Source "www.chesslib.no"]
[SourceDate "2004.05.04"]

1. Nf3 Nf6 2. c4 c5 3. Nc3 Nc6 4. g3 d5 5. d4 e6 6. cxd5 Nxd5 7. Bg2 cxd4 8. Nxd4 Nxc3 9. bxc3 Nxd4 10. Qxd4 Qxd4 11. cxd4 Bb4+ 12. Bd2 Bxd2+ 13. Kxd2 Kd8 14. Rab1 Rb8 15. Rb4 b6 16. Rhb1 Bb7 17. Bf1 Re8 18. e3 Be4 19. R1b2 Re7 20. a4 Rd7 21. a5 e5 22. axb6 Rxb6 23. Rxb6 axb6 24. Rxb6 exd4 25. exd4 Rxd4+ 26. Ke3 Ra4 1/2-1/2

[Event "Ch Lithuania"]
[Site "Siauliai (Lithuania)"]
[Date "2007.05.12"]
[Round "10"]
[White "Kveinys Aloyzas (LTU)"]
[Black "Sulskis Sarunas (LTU)"]
[Result "1-0"]
[WhiteElo "2546"]
[BlackElo "2528"]
[PlyCount "107"]
[EventDate "2007.??.??"]
[Source "www.chesslib.no"]
[SourceDate "2004.05.04"]

1. Nf3 Nf6 2. c4 c5 3. Nc3 Nc6 4. g3 e5 5. Bg2 Be7 6. O-O d6 7. d3 O-O 8. Ne1 Ne8 9. Nc2 Nc7 10. Rb1 a5 11. b3 Rb8 12. Bb2 Bd7 13. Ne3 b5 14. Ncd5 Nxd5 15. Nxd5 Nb4 16. Nc3 bxc4 17. dxc4 Qc8 18. Qd2 Re8 19. Rbd1 a4 20. Nxa4 Bxa4 21. bxa4 Qa6 22. f4 e4 23. a3 e3 24. Qc1 Nc6 25. Qc2 Nd4 26. Bxd4 cxd4 27. Rb1 Qa5 28. Bd5 Bf6 29. Qf5 Qxa4 30. g4 d3 31. Rxb8 Rxb8 32. Qxd3 g6 33. g5 Bb2 34. f5 Qxa3 35. Qxa3 Bxa3 36. fxg6 hxg6 37. Rxf7 Kh8 38. Be4 Rb4 39. Rc7 Rb2 40. Kf1 Rd2 41. Bxg6 Rd4 42. h3 Rf4+ 43. Kg1 Bb2 44. Bd3 Be5 45. Re7 Kg8 46. c5 Kf8 47. Rxe5 dxe5 48. c6 Rf7 49. Kg2 Ke7 50. c7 Kd7 51. g6 Rf8 52. h4 Kxc7 53. h5 Kd6 54. g7 1-0